| Tag |
First Indicator |
Second Indicator |
Subfields |
| LEADER |
00000nam a2200000Ia 4500 |
| 001 |
in00004177213 |
| 005 |
20200807084057.0 |
| 006 |
m g d |
| 007 |
cr bn |||a|bb| |
| 008 |
000831s1580 enk o 000 0 lat d |
| 035 |
|
|
|a (OCoLC)44920283
|
| 040 |
|
|
|a EBK
|e dcrb
|c EBK
|
| 037 |
|
|
|a CL0036000068
|b ProQuest. 789 E. Eisenhower Parkway, Ann Arbor, MI 48108-3218
|
| 041 |
1 |
|
|a lat
|h hebgrcsyr
|
| 090 |
|
|
|a BS90
|b 1580
|
| 049 |
|
|
|a UMIA
|
| 130 |
0 |
|
|a Bible.
|p O.T.
|l Latin.
|s Tremellius-Junius.
|f 1580.
|
| 245 |
1 |
0 |
|a Testamenti Veteris Biblia Sacra, sive, Libri canonici, priscae Iudaeorum ecclesiae a Deo traditi, :
|b Latini recens ex Hebraeo facti, brevibusque scholiis illustrati /
|c ab Immanuele Tremellio and Francisco Iunio ; accesserunt libri qui vulgo dicuntur Apocryphi, Latinè redditi and notis quibusdam aucti a Francisco Junio ; ... quibus etiam adjunximus Novi Testamenti libros ex sermone Syriaco ab eodem Tremellio in Latinum conversos.
|
| 246 |
3 |
3 |
|a Libri canonici, priscae Iudaeorum ecclesiae a Deo traditi.
|
| 260 |
|
|
|a Londini :
|b Excudebat Henricus Middletonus, impensis W.N.,
|c M.D.LXXX [1580].
|
| 300 |
|
|
|a 1 online resource ([16], 219, [1], 299, [1], 251, [1], 390, [1] 192, [4], 191 pages)
|
| 336 |
|
|
|a text
|b txt
|2 rdacontent
|
| 337 |
|
|
|a computer
|b c
|2 rdamedia
|
| 338 |
|
|
|a online resource
|b cr
|2 rdacarrier
|
| 500 |
|
|
|a Pts. 2-4 of the Old Testament, the Apocrypha (part 5), and the New Testament (part 6) each have separate title page, all dated 1579 except the last, which is dated 1580.
|
| 500 |
|
|
|a Imprint to New Testament: Londini, Excudebat Thomas Vautrollerius Typographus, Anno M. D. LXXX [1580] 1580.
|
| 500 |
|
|
|a New Testament has title: Iesv Christi D.N. Novvm Testamentvm e Lingva Syriaca latino sermone redditum.
|
| 500 |
|
|
|a Old Testament title pages have printer's mark, McK. 202γ; New Testament has printer's mark McK. 170.
|
| 500 |
|
|
|a Head- and tail-pieces; initials; printed marginalia.
|
| 500 |
|
|
|a Tremellius' and Junius' version of the Old Testament, Junius' translation of the Apocrypha, which had first been published at Frankfurt a. M, 1575-1569 and Tremellius' translation of the New Testament, made from the Syriac, first published at Geneva in 1569.
|
| 500 |
|
|
|a Signatures: A-N⁸, O⁶; Pt. 2: 2A-2S⁸, 2T⁶; Pt. 3: 3A-3P⁸, 3Q⁶; Pt. 4: 4A-4Z⁸, 4&⁸, 4γ³; Pt. 5: 5A-5M⁸; New Testament: A-M⁸ [N?]².
|
| 500 |
|
|
|a Imperfect: faded and damaged, with some loss of text
|
| 500 |
|
|
|a Reproduction of original in: Henry E. Huntington Library and Art Gallery.
|
| 510 |
4 |
|
|a STC (2nd edition)
|c 2056.6
|
| 533 |
|
|
|a Electronic reproduction.
|b Ann Arbor, Mich. :
|c UMI,
|d 1999-
|f (Early English books online)
|n Digital version of: (Early English books, 1475-1640 ; 2092:2)
|7 s1999 miun s
|
| 630 |
0 |
0 |
|a Bible
|v Commentaries.
|
| 700 |
1 |
|
|a Tremellius, Immanuel,
|d 1510-1580,
|e tr.
|
| 700 |
1 |
|
|a Junius, Franciscus,
|d 1545-1602,
|e tr.
|
| 700 |
1 |
|
|a Middleton, Henry,
|d d. 1587,
|e printer.
|
| 700 |
1 |
|
|a Vautrollier, Thomas,
|d d. 1587,
|e printer.
|
| 730 |
0 |
|
|a Bible.
|p Apocrypha.
|l Latin.
|s Junius.
|f 1580.
|
| 730 |
0 |
|
|a Bible.
|p N.T.
|l Latin.
|s Tremellius.
|f 1580.
|
| 740 |
0 |
2 |
|a Libri Apocryphi, sive, appendix Testamenti veteris ad canonem priscae Ecclesiae adjecta.
|
| 740 |
0 |
2 |
|a Novvm Testamentvm e Lingva Syriaca latino sermone redditum.
|
| 740 |
0 |
2 |
|a Novum Testamentum.
|
| 740 |
0 |
2 |
|a Iesv Christi D.N. Novvm Testamentvm e Lingva Syriaca latino sermone redditum.
|
| 830 |
|
0 |
|a Early English books online.
|
| 856 |
4 |
0 |
|u http://proxy.library.tamu.edu/login?url=https://search.proquest.com/docview/2240939735
|z Connect to the full text of this electronic book
|t 0
|
| 999 |
f |
f |
|s df5cb87a-668f-397f-a300-384619b476d9
|i 83b3036f-69e3-35bf-aafb-b8690cc8266d
|t 0
|
| 952 |
f |
f |
|a Texas A&M University
|b College Station
|c Electronic Resources
|d Available Online
|t 0
|e BS90 1580
|h Library of Congress classification
|
| 998 |
f |
f |
|a BS90 1580
|t 0
|l Available Online
|